000 00312nam a2200133Ia 4500
008 240624s9999 xx 000 0 und d
041 _aeng
082 _a823 STE
100 _aSTEEL DANIELLE
245 _a44 CHARLES STREET
260 _c2012
_aLondon
_bCorgi Books
300 _a380p. ; 18cm.
365 _cRS
_b25
999 _c19833
_d19833